00376nam a2200145Ia 4500008004100000020001800041041000800059082001500067100002000082245003400102250000600136260003900142300001200181650003700193210716s2009 xx 000 0 und d a9788131709399 aeng a657.3 FOSG aFoster, George. aFinancial statement analysis. a2 aNew DelhibPearson Educationc2009 axii,625 aFinancial Reporting and Analyais